[Event "Thessaloniki White Tower op 42nd"]
[Site "Thessaloniki"]
[Date "2020.01.04"]
[Round "4"]
[White "Stoinev, Metodi"]
[Black "Kalogridis, Antonios"]
[Result "1/2-1/2"]
[WhiteElo "2193"]
[BlackElo "1897"]
[PlyCount "110"]
[EventDate "2020.01.02"]
[EventType "swiss"]
[EventRounds "9"]
[EventCountry "GRE"]
[SourceTitle "CBM 194 Extra"]
[Source "ChessBase"]
[SourceDate "2020.03.31"]
[SourceVersion "1"]
[SourceVersionDate "2020.03.31"]
[SourceQuality "1"]

1. e4 c6 2. Nf3 d5 3. Nc3 Nf6 4. e5 Ne4 5. Ne2 Qb6 6. d4 e6 7. Ng3 c5 8. Bd3 Nxg3 9. hxg3 cxd4 10. a3 Nc6 11. b4 h6 12. Kf1 Bd7 13. Bb2 a6 14. Qe2 0-0-0 15. g4 Be7 16. g3 f6 17. Kg2 fxe5 18. Nxe5 Nxe5 19. Qxe5 Bf6 20. Qe2 e5 21. Bf5 Kb8 22. Bxd7 Rxd7 23. g5 Bxg5 24. Qxe5+ Qd6 25. Qxd6+ Rxd6 26. Bxd4 Bf6 27. Rad1 Bxd4 28. Rxd4 Rc8 29. Rhd1 Rxc2 30. Rxd5 Rxd5 31. Rxd5 Rc3 32. Rd7 Rc7 33. Rd8+ Rc8 34. Rd3 Rc6 35. f4 Kc7 36. Kf3 g6 37. g4 Rf6 38. Rd5 Rd6 39. Rc5+ Rc6 40. Ke4 Kd6 41. f5 gxf5+ 42. Rxf5 Rc4+ 43. Kf3 Rc3+ 44. Kf4 Rxa3 45. Rf6+ Ke7 46. Rxh6 Ra4 47. Rh7+ Kf6 48. Rxb7 a5 49. Rb6+ Kg7 50. Kg5 Rxb4 51. Ra6 Rb5+ 52. Kh4 Rc5 53. g5 Rc1 54. Rxa5 Rh1+ 55. Kg4 Rg1+ 1/2-1/2

[Event "FRM-chT"]
[Site "Ohrid"]
[Date "2019.07.26"]
[Round "5.3"]
[White "Stoinev, Metodi"]
[Black "Zlatkov, Anton"]
[Result "0-1"]
[WhiteElo "2183"]
[BlackElo "1782"]
[PlyCount "132"]
[EventDate "2019.07.22"]
[EventType "team-tourn"]
[EventRounds "7"]
[EventCountry "MKD"]
[SourceTitle "EXT 2020"]
[Source "ChessBase"]
[SourceDate "2019.10.17"]
[SourceVersion "1"]
[SourceVersionDate "2019.10.17"]
[SourceQuality "1"]
[WhiteTeam "Kumanovo"]
[BlackTeam "Skopje MSK Centar"]
[WhiteTeamCountry "MKD"]
[BlackTeamCountry "MKD"]

1. e4 c5 2. Nf3 d6 3. d4 cxd4 4. Qxd4 Nc6 5. Qe3 Nf6 6. c4 g6 7. Be2 Bg7 8. 0-0 0-0 9. Nc3 Bd7 10. h3 Rc8 11. Rb1 a6 12. b3 Qc7 13. Bb2 Rfe8 14. Rfe1 e6 15. Bf1 Rcd8 16. Qf4 Ne5 17. Nxe5 dxe5 18. Qe3 Bc6 19. b4 b6 20. f3 Nd7 21. Rec1 Bf8 22. Ba1 a5 23. a3 axb4 24. axb4 Ra8 25. Kh1 Ra3 26. Qd2 Rea8 27. Rd1 Bxb4 28. Rxb4 Rxa1 29. Rbb1 Rxb1 30. Rxb1 Nc5 31. Qb2 Rb8 32. Nb5 Bxb5 33. cxb5 f5 34. Bc4 fxe4 35. fxe4 Qd6 36. Qc2 Qd4 37. Rd1 Qxe4 38. Bxe6+ Kg7 39. Rd7+ Kh8 40. Qxe4 Nxe4 41. Re7 Nd6 42. Bd7 Rb7 43. g4 h6 44. Kg2 Kg8 45. Kf3 Kf8 46. Re6 Rxd7 47. Rxg6 Nxb5 48. Rxb6 Nd6 49. Ra6 Kg7 50. h4 Nf7 51. g5 hxg5 52. hxg5 Nxg5+ 53. Kg4 Nf7 54. Kf5 Rd4 55. Ra7 Rf4+ 56. Ke6 e4 57. Kd5 Kf6 58. Ra6+ Kf5 59. Kd4 Ng5 60. Ke3 Rf3+ 61. Ke2 Ne6 62. Ra7 Nf4+ 63. Ke1 Re3+ 64. Kd2 Rd3+ 65. Ke1 Kg4 66. Kf2 e3+ 0-1